000 01427cam a22004213a 4500
001 3378
003 FISKH
005 20240229150906.0
008 030520t20032001nyu c 000 1 eng d
010 _a 2004719313
_z 2001033926
020 _a014250050X (pbk.)
035 _a(OCoLC)ocm52282289
040 _aMR0
_cMR0
_dOCLCQ
_dDLC
042 _alccopycat
050 0 0 _aCPB Box no. 2264 vol. 11
100 1 _aHorowitz, Anthony
_d1955-
245 1 0 _aPoint blank /
_cAnthony Horowitz.
250 _aFirst Scholastic printing, September 2002
260 _aNew York :
_bScholastic,
_c2002.
300 _a215 pages :
_c17 cm.
500 _a"An Alex Rider adventure"--Cover.
500 _aSequel to: Stormbreaker.
500 _aIncludes a chapter from: Skeleton Key.
505 _aM
520 _aFourteen-year-old Alex continues his work as a spy for the British M16, investigating an exclusive school for boys in the French Alps.
521 8 _a670
_bLexile
521 8 _aM
650 0 _aSpy stories.
650 0 _aCloning
_vJuvenile fiction.
650 0 _aSchools
_vJuvenile fiction.
650 0 _aOrphans
_vJuvenile fiction.
651 0 _aEngland
_vJuvenile fiction.
655 7 _aSpy stories.
_2gsafd
710 2 _aCopyright Paperback Collection (Library of Congress)
_5DLC
906 _a7
_bcbc
_ccopycat
_d2
_encip
_f20
_gy-genrareb
942 _2ddc
_cBK
_n0
999 _c3378
_d3378